Diritto romano e terzo millennio: radici e prospettive dell'esperienza giuridica contemporanea: relazioni del convegno internazionale di diritto romano

Guardat en:
Dades bibliogràfiques
Autor principal: Milazzo, Francesco (autor)
Format: Llibre
Idioma:italià
Publicat: Nápoles Scientifiche Italiane 2004
Col·lecció:Pubblicazioni della Facoltà di Giurisprudenza di Catanzaro, 53
Matèries:
Etiquetes: Afegir etiqueta
Sense etiquetes, Sigues el primer a etiquetar aquest registre!

MARC

LEADER 00000nam a2200000 a 4500
001 UCK9184
003 CL-VaPUC
005 20220111140901.0
008 060421e20040000it 1 ita d
020 |a 8849506821 
082 0 4 |a 340.54  |b MIL  |2 21 
100 |a Milazzo, Francesco  |e autor  |9 38 
245 1 0 |a Diritto romano e terzo millennio: radici e prospettive dell'esperienza giuridica contemporanea: relazioni del convegno internazionale di diritto romano 
260 |a Nápoles  |b Scientifiche Italiane  |c 2004 
300 |a 385 p 
490 0 |a Pubblicazioni della Facoltà di Giurisprudenza di Catanzaro, 53 
583 |a last modification  |c 20190826 10:14:59  |k Rodrigo Vera 
650 0 0 |a Derecho romano  |9 255930 
650 0 0 |a Fuentes del derecho   |9 255162 
650 0 0 |a Derecho civil  |9 255013 
650 0 0 |a Ordenamiento jurídico   |9 355371 
650 0 0 |a Derecho común  |9 376758 
650 0 0 |a Obligaciones   |9 255578 
650 0 0 |a Derecho contractual  |9 373875 
942 |c BK 
945 |a cmena  |d 20060421 00:00:00 
546 |a En Italiano 
536 |a Università degli Studi di Catanzaro Magna Graecia 
518 |p Convengo Internazionali di Diritto Romano, 1, Copanello, 3-7 giugno 2000 
999 |c 384187  |d 384185 
952 |0 0  |1 0  |4 0  |6 340_540000000000000_MIL_2004  |7 0  |8 DER_ROM  |9 506786  |a BIBDER  |b BIBDER  |d 2020-01-23  |i 4216601  |o 340.54 MIL 2004  |p 4216601  |r 2023-01-25  |w 2020-01-23  |x Ubicación 4to piso  |y BK  |z Este recurso debe solicitarse con anticipación  |k DER